Indian Voting Behaviour: (Record no. 1848600)

MARC details
000 -LEADER
fixed length control field 00600nam a22002057a 4500
005 - DATE AND TIME OF LATEST TRANSACTION
control field 20260428143407.0
008 - FIXED-LENGTH DATA ELEMENTS--GENERAL INFORMATION
fixed length control field 260428b |||||||| |||| 00| 0 eng d
037 ## - SOURCE OF ACQUISITION
Terms of availability TB
040 ## - CATALOGING SOURCE
Original cataloging agency CRL
Transcribing agency CRL
041 ## - LANGUAGE CODE
Source of code eng
Language code of text/sound track or separate title eng
084 ## - COLON CLASSIFICATION NUMBER
Classification number V2:912.N62 K5
Assigning agency CRL
245 ## - TITLE STATEMENT
Title Indian Voting Behaviour:
Remainder of title Studies of the 1962 General elections
260 ## - PUBLICATION, DISTRIBUTION, ETC.
Place of publication, distribution, etc. Culcutta, India:
Name of publisher, distributor, etc. Firma K.L. Mukhopadhyay,
Date of publication, distribution, etc. 1965.
300 ## - PHYSICAL DESCRIPTION
Extent 217p.
650 ## - SUBJECT ADDED ENTRY--TOPICAL TERM
Topical term or geographic name entry element India-History
700 ## - ADDED ENTRY--PERSONAL NAME
Personal name Weiner, Myron
Relator term Ed.
700 ## - ADDED ENTRY--PERSONAL NAME
Personal name Kothari, Rajni
Relator term Ed.
942 ## - ADDED ENTRY ELEMENTS (KOHA)
Source of classification or shelving scheme Colon Classification (CC)
Koha item type Textbook
Classification part V2:912.N62 K5
Suppress in OPAC No
Holdings
Withdrawn status Lost status Source of classification or shelving scheme Damaged status Not for loan Home library Current library Date acquired Total Checkouts Full call number Barcode Date last seen Price effective from Koha item type
    Colon Classification (CC)     Central Library Central Library 2026-04-28   V2:912.N62 K5 CL0277067 2026-04-28 2026-04-28 Textbook
Copyright @ Delhi University Library System